Parhaan naispääosan Jussi-palkinnon voittajat - Statistics

Yleistilastot
  • Tätä visaa on pelattu 56 kertaa
    28 viimeisimmän päivityksen jälkeen
  • Keskiarvotulos 13 / 76
Vastaustilastot
Näyttelijä % Oikein
Krista Kosonen
73%
Krista Kosonen
73%
Kati Outinen
54%
Kati Outinen
54%
Kati Outinen
54%
Ansa Ikonen
50%
Tiina Lymi
50%
Alma Pöysti
46%
Outi Mäenpää
46%
Outi Mäenpää
46%
Outi Mäenpää
46%
Siiri Angerkoski
38%
Irina Björklund
31%
Laura Birn
27%
Oona Airola
27%
Elina Knihtilä
23%
Elina Salo
23%
Kristiina Halkola
23%
Rakel Laakso
23%
Eeva-Kaarina Volanen
19%
Eeva-Kaarina Volanen
19%
Eeva-Kaarina Volanen
19%
Eeva Litmanen
19%
Anja Pohjola
15%
Emma Väänänen
15%
Emma Väänänen
15%
Emma Väänänen
15%
Emma Väänänen
15%
Katja Küttner
15%
Anu Sinisalo
12%
Leena Uotila
12%
Liisamaija Laaksonen
12%
Liisamaija Laaksonen
12%
Mimosa Willamo
12%
Minna Haapkylä
12%
Mirjami Kuosmanen
12%
Rauni Luoma
12%
Rauni Luoma
12%
Tea Ista
12%
Tea Ista
12%
Eeva-Maija Haukinen
8%
Irma Seikkula
8%
Lea Joutseno
8%
Leea Klemola
8%
Leea Klemola
8%
Linnea Skog
8%
Merja Larivaara
8%
Pirjo Leppänen
8%
Rea Mauranen
8%
Regina Linnanheimo
8%
Tuula Nyman
8%
Tuula Nyman
8%
Aino Lehtimäki
4%
Eeva Eloranta
4%
Eeva Eloranta
4%
Eila Pehkonen
4%
Elena Leeve
4%
Elena Leeve
4%
Elli Castrén
4%
Maija Karhi
4%
Nanny Westerlund
4%
Pirkko Hämäläinen
4%
Raili Veivo
4%
Riitta Elstelä
4%
Ritva Vepsä
4%
Seidi Haarla
4%
Sinikka Hannula
4%
Soli Labbart
4%
Hillevi Lagerstam
0%
Irma Junnila
0%
Kaija Pakarinen
0%
Maria Lundqvist
0%
Päivi Akonpelto
0%
Ruth Snellman
0%
Sari Mällinen
0%
Susanna Anteroinen
0%
Ehtoja vastaavia visoja ei löytynyt
Tulosjakauma
Jokaisen tuloksen saaneiden osuus
Persentiili vastausten määrän mukaan
Tuloshistoriasi
Et ole pelannut tätä visaa sen viimeisimmän päivityksen jälkeen